Statistics for Random Pixelated American Country Shapes

Click here to take the quiz!

General Stats

  • This quiz has been taken 999 times
  • The average score is 6 of 8

Answer Stats

Answer% Correct
United States
98%
Mexico
96%
Canada
95%
Argentina
94%
Chile
94%
Brazil
93%
Cuba
91%
Peru
86%
Panama
84%
Paraguay
78%
Colombia
77%
Haiti
77%
Venezuela
75%
Guyana
74%
Guatemala
71%
Nicaragua
69%
Trinidad and Tobago
69%
Bolivia
65%
Costa Rica
62%
Uruguay
60%
Suriname
46%

Score Distribution

Percentile by Number Answered

Percent of People with Each Score

Your Score History

You have not taken this quiz